000 00218 a2200097 4500
001 9539
100 _aFlicher, Hillen Jill
245 _aInsani Jisem
260 _a
_bSheikh Ghulam Ali and Sons
_c
090 _c7583
_d7583
942 _aNUST-CAE
_cM
_c34248
999 _c244612
_d244612